| 000 | 01392cam a22004214i 4500 | ||
|---|---|---|---|
| 003 | PE-LiUPU | ||
| 005 | 20250731173255.0 | ||
| 008 | 150625s r 000 0 d | ||
| 035 | _a(Sirsi) a35678 | ||
| 040 |
_aPE-LiUPU _bspa _cPE-LiUPU _erda |
||
| 082 | 0 | 4 |
_a261.80947 _bL45 _221 |
| 100 | 1 |
_aLenin, V. I., _eautor. |
|
| 245 | 1 | 0 |
_aAcerca de la religión / _cV. I. Lenin. |
| 264 | 1 |
_aMoscú : _bEditorial Progreso, _c1973. |
|
| 300 | _a79 páginas. | ||
| 336 |
_atext _2rdacontent |
||
| 337 |
_aunmediated _2rdamedia |
||
| 338 |
_avolume _2rdacarrier |
||
| 526 | _aSEG42 | ||
| 526 | _aSEG41 | ||
| 526 | _aSEG40 | ||
| 526 | _aSEG39 | ||
| 526 | _aP94 | ||
| 526 | _aP87 | ||
| 526 | _aP86 | ||
| 526 | _aP85 | ||
| 526 | _aP77 | ||
| 526 | _aP76 | ||
| 526 | _aP35 | ||
| 600 | 0 | 4 |
_aLenin, Vladímir Ílitx, _d1870-1924 _xPensamiento (religioso, filosófico, político, etc.). |
| 650 | 1 | 4 |
_aReligión y política _vEnsayos, conferències, etc. |
| 910 | _a | ||
| 942 |
_2ddc _cBOOK |
||
| 949 |
_a261.80947 L45 _wDEWEY _c1 _i36424 _lCCODEBUL1 _mBUL _p00.00 _r0 _sY _tBOOK _u2015-06-25 _xBIBLIOTECA _zUNKNOWN _0COMPRA _o.STAFF. Colección General |
||
| 596 | _a1 | ||
| 999 |
_a261.80947 L45 _wDEWEY _c43668 _i36424 _f2021-11-12 _g5 _lCCODEBUL1 _mBUL _r0 _sY _tBOOK _u2015-6-25 _xTEOLOGIA _zUNKNOWN _0COMPRA _o.STAFF. Colección General _d43668 |
||
| 980 |
_81 _gALBERTO SANCHEZ Responsable de Automatización |
||